Stavebno-technologický projekt pre stavbu Bytový komplex Rozálka - I. etapa, Pezinok

Gespeichert in:
Bibliographische Detailangaben
1. Verfasser: Stredák, Šimon (Verfasst von)
Weitere Verfasser: Hulínová, Zdenka (Betreuung Doktorarbeit)
Format: Manuskript Buch
Sprache:Slowakisch
Veröffentlicht: 2024
Schlagworte:
Online-Zugang:http://is.stuba.sk/zp/portal_zp.pl?podrobnosti=187216
https://opac.crzp.sk/?fn=detailBiblioForm&sid=AA0D9432EF6DE826C215194F11D3
Tags: Tag hinzufügen
Keine Tags, Fügen Sie das erste Tag hinzu!

MARC

LEADER 00000ntm a22000003a 4500
001 stuzp99081
003 SK-STU
005 20240927115627.7
007 ta
008 150427s2015----xo-----f-mn---000-0-slo-d
040 |a STU  |b slo 
041 0 |a slo 
100 1 |a Stredák, Šimon  |u 010270  |4 aut  |U SvF Stavebná fakulta  |T SvF Katedra technológie stavieb  |X 75741  |U V270  |Y 28  |7 75741 
242 0 1 |a Building technology project for construction Bytový komplex Rozálka - I. etapa, Pezinok  |y eng 
245 1 0 |a Stavebno-technologický projekt pre stavbu Bytový komplex Rozálka - I. etapa, Pezinok 
260 |c 2024 
650 4 |a Projekt zariadenia staveniska  |2 slo 
650 4 |a Vonkajšie žalúzie  |2 slo 
650 4 |a Bytový komplex Rozálka  |2 slo 
650 4 |a Rozálka housing complex  |2 eng 
650 4 |a construction site equipment project  |2 eng 
650 4 |a external blinds  |2 eng 
700 1 |a Hulínová, Zdenka  |u 010270  |k Z8  |4 ths  |U SvF Stavebná fakulta  |T SvF Katedra technológie stavieb  |X 853  |U V270  |Y 28  |7 A000000853 
856 4 |u http://is.stuba.sk/zp/portal_zp.pl?podrobnosti=187216 
856 4 |u https://opac.crzp.sk/?fn=detailBiblioForm&sid=AA0D9432EF6DE826C215194F11D3